| 000 | 00514nam a22001697a 4500 | ||
|---|---|---|---|
| 999 |
_c8613 _d8613 |
||
| 008 | 201208b ||||| |||| 00| 0 eng d | ||
| 040 | _aBMS College of Architecture | ||
| 100 | _aNeelavar, Gowri | ||
| 245 | _aPerforming arts center | ||
| 300 | _a168p. | ||
| 500 | _a1BM12AT022 | ||
| 502 |
_8B,Arch _NBMS College of Architecture, Visvesvaraya Technological University (VTU) _aProject report _d2016 |
||
| 650 | _aArt | ||
| 700 |
_aChannabasavaradhya K B _eGuide |
||
| 700 |
_aPrathima N _eGuide |
||
| 942 |
_2ddc _cTHE |
||